Obstarávanie nájomných bytov

V koncepcii štátnej bytovej politiky do roku 2015 bola prijatá úloha pripraviť návrh právneho rámca pre uplatnenie nových ekonomických nástrojov štátu pre stimuláciu investorov pri rozvoji súkromného nájomného sektoru.

Na minha lista:
Detalhes bibliográficos
Autor principal: Neupauerová, Zuzana
Formato: Capítulo de Livro
Idioma:eslovaco
Assuntos:
Tags: Adicionar Tag
Sem tags, seja o primeiro a adicionar uma tag!

MARC

LEADER 00000naa$a2200000$$$4500
001 0183127
005 20240502073130.4
041 0 |a slo 
044 |a SK 
245 1 0 |a Obstarávanie nájomných bytov  |c Zuzana Neupauerová 
520 |a V koncepcii štátnej bytovej politiky do roku 2015 bola prijatá úloha pripraviť návrh právneho rámca pre uplatnenie nových ekonomických nástrojov štátu pre stimuláciu investorov pri rozvoji súkromného nájomného sektoru. 
610 2 0 |a politika bytová 
610 2 0 |a byty obecné 
610 2 0 |a legislatíva 
610 2 0 |a Slovensko 
100 1 |a Neupauerová, Zuzana